Statistics for Flag Close-Ups - Asia #1

Click here to take the quiz!

General Stats

  • This quiz has been taken 22 times
  • The average score is 11 of 12

Answer Stats

Answer% Correct
Kyrgyzstan
100%
Qatar
100%
Bhutan
95%
Brunei
95%
North Korea
95%
South Korea
95%
Israel
89%
Lebanon
89%
Malaysia
89%
Nepal
89%
Turkmenistan
89%
Kazakhstan
84%

Score Distribution

Percentile by Number Answered

Percent of People with Each Score

Your Score History

You have not taken this quiz